000 00697nam a22002415i 4500
001 20430536
003 OSt
005 20180727113213.0
008 180403s2018 pau 000 0 eng
010 _a 2018940031
020 _a9780996201773
040 _aDLC
_beng
_erda
_cDLC
042 _apcc
050 _aBT83.55
_b.T67 2018
100 1 _aTororeiy, Mary.
245 1 0 _aReclaiming motherhood :
_ban aArican woman's reading of birthing imagery in job /
_cMary Tororeiy.
260 _aPennyslavia:
_bBorderless;
_c2018
300 _a236pages cm
500 _aBibliography p.225-236
906 _a0
_bibc
_corignew
_d2
_eepcn
_f20
_gy-gencatlg
942 _2lcc
_cBK
999 _c53248
_d53248